UK TV Sitcoms 6 - Statistics

General Stats
  • This quiz has been taken 93 times
  • The average score is 5 of 15
Answer Stats
Question Answer % Correct
What did Jacko do for a job, in BBC TVs Brush Strokes Painter
87%
What was Margo and Jerrys surname in The Good Life? Leadbetter
76%
Who played Saucy Nancy in Southern TVs Worzel Gummidge? Barbara Windsor
43%
What was the surname of the Ropers' neighbours, in Thames TVs George and Mildred? Fourmile
41%
In BBC TVs Porridge, what was the name of the 'friendly' prison guard, who later went on to star in Last of the Summer Wine? Mr Barraclough
29%
In George and Mildred, what job, did George do for a while? Traffic Warden
29%
What was the surname of the Bishop, in C4s Father Ted? Brennan
27%
What Granada TV sitcom, ran for four series, starring Diane Keen and Lewis Collins The Cuckoo Waltz
27%
Fawlty Towers, again, What was the hotels regular chef called? Terry
24%
In BBC TVs Hi-de-hi, who took over from Mr Fairbrother, as Entertainments Manager? Clive Dempster
17%
What was Timothy's 's sister called, in BBCs Sorry? Muriel
16%
In Fawlty Towers, what was the name of the bogus peer, that defrauded Basil? Lord Melbury
13%
Robin Askwith, starred in an LWT sitcom, based around milkmen. What was it called? Bottle Boys
11%
Who composed and sang the theme song to LWTs Me and My Girl? Peter Skellern
10%
What was the name of the teacher, in LWTs Mind Your Language? Mr Brown
4%
No matching quizzes found
Score Distribution
Percent of People with Each Score
Percentile by Number Answered
Your Score History
You have not taken this quiz